000 01036nam a22003257a 4500
003 CHAP
005 20220329133727.0
008 971013s1994 r 00010 d
010 _a10029
011 _a11001
035 _a10239
040 _cCHAP
090 _aTesis
100 0 0 _aAscencio Ramírez, José Luis.
_97866
245 _aEngorda de corderos con diferentes niveles de paja de cebada
260 _aChapingo, Méx. :
_bEl autor,
_c1994
300 _a56 h
502 _aTesis (Ing. Agr. Esp. en Zootecnia) -- UACH. Departamento de Zootecnia
590 _aALEPH
_b10
_c20130110
_lUCH01
_h1226
590 _aBATCH-UPD
_b10
_c20130110
_lUCH01
_h1312
590 _aBATCH-UPD
_b10
_c20130410
_lUCH01
_h0825
590 _aBATCH-UPD
_b10
_c20130914
_lUCH01
_h1513
590 _aCONVERSION
_b10
_c20130109
_lUCH01
_h1306
650 1 4 _aGanado lanar
_xEngorda.
_945175
650 1 4 _aPaja como forraje.
_984769
650 1 4 _aPaja de cebada.
_984774
901 _aBK
942 _cTESIS
949 _bBC
_cTES
_d-21683
_eTS1
_h26759
_i10239
_si
999 _c10029
_d10029